000 00653nam a2200169 4500
999 _c17083
_d17083
008 220602b ||||| |||| 00| 0 eng d
022 _a0732-8435
082 _aDPer 657.05 C33 Sept - Dec 2012, v. 82 n. 9 - 12
100 _aAnders, Susan B.
_942727
245 _aA clear look at tax software:
_b2012 annual survey of New York State tax professionals/
_cSusan B. Anders and Carol M. Fischer.
260 _aNew York:
_bThe New York State Society of CPA,
_c©2012.
300 _av82 n11, pages 16-25:
_billustrations;
_c28 cm.
500 _aThe CPA Journal.
650 _aTaxation.
_945399
700 _aFischer, C. M.
_eAuthor.
_942697
942 _2ddc
_cPER